| 000 | 00865nam a22002537a 4500 | ||
|---|---|---|---|
| 005 | 20170124110029.0 | ||
| 010 | _aB-089736 | ||
| 020 |
_c350.00 _a8186299440 |
||
| 020 |
_c350.00 _a9788186299449 |
||
| 035 | _aB-089736 | ||
| 037 | _bCen Lib/Ret | ||
| 040 |
_aDPL _bEN |
||
| 082 |
_a660 _bRAY |
||
| 100 |
_aRay, Chaudhary Uttam _921323 |
||
| 245 |
_aProcess instrumentation dynamic & control for chemical engineers / _cby Ray Chaudhuri Uttam [and] Ray Chaudhuri Utpal |
||
| 260 |
_aNew Delhi _bAsian Books Private Limited _c2003 |
||
| 270 |
_a7/28, Mahavir Lane, Vardan House, Ansari Road, Daryaganj _bNew Delhi _e110002 |
||
| 300 |
_a187p. : _c24cm(Hb) _bill. |
||
| 500 | _aIncludes index. | ||
| 650 |
_aTechnology _93711 |
||
| 650 |
_aChemical engineering _972065 |
||
| 700 |
_a Ray Chaudhary Utpal _921325 |
||
| 942 |
_2ddc _cEN _h660 _mRAY |
||
| 999 |
_c127718 _d127718 |
||